<?xml version="1.0" encoding="UTF-8"?>
<marc:record xmlns:marc="http://www.loc.gov/MARC21/slim">
   <marc:leader>00000nam a2200000 a 4500</marc:leader>
   <marc:datafield ind1="1" ind2=" " tag="100">
      <marc:subfield code="a">Grant, Jacob</marc:subfield>
      <marc:subfield code="4">aut</marc:subfield>
      <marc:subfield code="e">Verfasser/-in</marc:subfield>
   </marc:datafield>
   <marc:datafield ind1=" " ind2=" " tag="653">
      <marc:subfield code="a">Essen</marc:subfield>
   </marc:datafield>
   <marc:datafield ind1=" " ind2=" " tag="653">
      <marc:subfield code="a">picky eaters</marc:subfield>
   </marc:datafield>
   <marc:datafield ind1="0" ind2="0" tag="245">
      <marc:subfield code="a">Umami</marc:subfield>
   </marc:datafield>
   <marc:datafield ind1="0" ind2="0" tag="245">
      <marc:subfield code="b">probier doch mal was Neues!</marc:subfield>
   </marc:datafield>
   <marc:datafield ind1="0" ind2="0" tag="245">
      <marc:subfield code="c">Grant, Jacob</marc:subfield>
   </marc:datafield>
   <marc:datafield ind1=" " ind2="1" tag="264">
      <marc:subfield code="a">Stuttgart</marc:subfield>
      <marc:subfield code="b">Esslinger</marc:subfield>
      <marc:subfield code="c">2026</marc:subfield>
   </marc:datafield>
   <marc:datafield ind1=" " ind2=" " tag="250">
      <marc:subfield code="a">1. Auflage</marc:subfield>
   </marc:datafield>
   <marc:datafield ind1="1" ind2=" " tag="520">
      <marc:subfield code="a">Es gibt so viel mehr als "Nudeln ohne Soße"Fördert Offenheit für neue Gerichte und Aromen – ideal für „picky eaters“Liebevolle Illustrationen und eine herzerwärmende Geschichte über Mut, Neugier und Genussmit Umami die Freunde am Essen entdecken&#xD;
&#xD;
Tag für Tag immer nur kalten Fisch? Davon hat der kleine Pinguin Umami genug! Neugierig und voller Abenteuerlust verlässt er seine Heimat, um in der großen weiten Welt neue Gerichte zu entdecken. Auf seiner Reise begegnet er würzigen Suppen, süßem Gebäck, scharfen Klößchen und wunderbar sauren Gürkchen – und lernt, wie spannend und lecker Vielfalt auf dem Teller sein kann. Doch wird er es schaffen, auch seine Freunde zu Hause für die neuen Köstlichkeiten zu begeistern?&#xD;
&#xD;
Dieses liebevoll illustrierte Bilderbuch macht Kindern Mut, Neues zu probieren, und lädt zum gemeinsamen Gespräch über Lieblingsessen und kulinarische Abenteuer ein. &#xD;
Besonders für Eltern mit wählerischen Essern ist „Umami“ eine wertvolle Unterstützung, um spielerisch Neugier und Offenheit am Esstisch zu fördern.&#xD;
&#xD;
Für alle, die gemeinsam mit ihren Kindern die bunte Welt des Essens entdecken und wertvolle Vorlesezeit genießen möchten! </marc:subfield>
   </marc:datafield>
   <marc:datafield ind1=" " ind2=" " tag="020">
      <marc:subfield code="a">9783480241118</marc:subfield>
      <marc:subfield code="9">9783480241118</marc:subfield>
   </marc:datafield>
   <marc:datafield ind1=" " ind2=" " tag="041">
      <marc:subfield code="a">ger</marc:subfield>
   </marc:datafield>
   <marc:datafield ind1="1" ind2=" " tag="521">
      <marc:subfield code="a">ab 3 Jahren</marc:subfield>
   </marc:datafield>
   <marc:datafield ind1=" " ind2=" " tag="338">
      <marc:subfield code="a">Band</marc:subfield>
   </marc:datafield>
   <marc:datafield ind1=" " ind2=" " tag="300">
      <marc:subfield code="a">40 ungezählte Seiten</marc:subfield>
   </marc:datafield>
</marc:record>
